000 00284nam a22001337a 4500
008 180911b xxu||||| |||| 00| 0 eng d
020 _a2900415121827
041 _aeng
080 _a902
100 _a45
101 _aARKE
245 _aAncient Cities
_cGates ,Ch
942 _2udc
_cBK
999 _c47666
_d47666